000 00858nam a2200217Ii 4500
003 JO-AjNU
008 230605s9999||||xx |||||||||||||| ||und||
017 _a2012/3/892
040 _aJO-AjNU
_bara
_erda
_cJO-AjNU
041 _aara
050 1 4 _aHM1271 2012
100 3 _aتحرير النوايسة، حكمت ؛ متابعة وتنسيق زيد العجلوني,
_eauthor
_948360
245 0 0 _a التنوع الثقافي في الاردن : النسيج الاجتماعي والتشريعات والفعاليات الثقافية
250 _aط1
264 3 1 _aعمان: وزارة الثقافة، 2012
300 _a178ص
_bيحتوي على ببلوغرافية من 169-178ص
336 _atext
_btxt
_2rdacontent
337 _aunmediated
_bn
_2rdamedia
338 _avolume
_bnc
_2rdacarrier
650 4 _aالتنوع الثقافي
_948361
999 _aA21173
_c24741
_d24741